000 01065cab a2200217 4500
001 ABS67490
008 040304n2004 000 0 eng u
035 _a(Sirsi) u125323
100 _aGoldsmith, S.
245 _aBog standard provision
260 _c2004
490 _aArchitects' Journal
_v219(7) 19 February 2004, 42-42(2)
520 _aThe first of two articles suggests the ODPM should establish the needs of disabled people in terms of building control. Points out the new Approved Document M, which will come into force on 1 May 2004, now refers to access for people, rather than distinguishing disabled persons access. Gives a detailed analysis of its provisions and itemises the differences with the previous edition. Diagrams.
590 _aABS
650 _aBUILDING REGULATIONS 1991 APPROVED DOCUMENT M (2004 EDITION)
650 _aMANAGEMENT-BUSINESS MANAGEMENT-DISCRIMINATION-DISABILITY DISCRIMINATION-ACCESSIBILITY
650 _aSANITARY FACILITIES
650 _aTOILETS
690 _aBUILT ENVIRONMENT-BUILDING STANDARDS
942 _n0
999 _c74230
_d74230